UK Road Signs Quiz - Warning Signs - Statistics

General Stats
  • This quiz has been taken 298 times
  • The average score is 10 of 32
Answer Stats
Picture Answer % Correct
roundabout
83%
hump bridge
63%
humps
53%
double bend
48%
sheep
48%
accompanied horses
46%
road works
46%
cattle
43%
crossroads
43%
ice
43%
tunnel ahead
43%
road narrows
41%
slippery road
39%
falling rocks/fallen rocks
35%
side winds
26%
staggered junction
26%
uneven road
26%
zebra crossing
26%
queues
25%
wild animals
25%
dual carriageway ends
21%
traffic merging
21%
wild horses
21%
quayside / river bank
15%
loose chippings
14%
opening bridge/swing bridge
14%
junction on bend
13%
risk of grounding
8%
soft verges
8%
level crossing with barrier or gate
3%
level crossing without barrier or gate
3%
t-junction with priority over vehicles from the right
3%
No matching quizzes found
Score Distribution
Percent of People with Each Score
Percentile by Number Answered
Your Score History
You have not taken this quiz